Music Quiz

Random Music or Song Quiz

Dance Crazes Quiz Stats

 Plays Quiz not verified by Sporcle

Challenge
Share
Tweet
Embed
Score 0/22 Timer 05:00
0 Plays Today
Artist Name of Dance/Song % Correct
Los del RioMacarena
69.3%
MadonnaVogue
60.2%
Chubby CheckerThe Twist
58%
The BanglesWalk Like An Egyptian
51.1%
Men Without HatsThe Safety Dance
44.3%
CupidCupid Shuffle
39.8%
Kris KrossJump
36.4%
Marcia GriffithsElectric Slide
34.1%
DJ CasperCha Cha Slide
34.1%
Ciara1, 2 Step
33%
Digital UndergroundHumpty Dance
22.7%
Artist Name of Dance/Song % Correct
Van McCoyThe Hustle
20.5%
HueyPop, Lock, and Drop It
12.5%
Young DroShoulder Lean
11.4%
GS BoyzStanky Legg
11.4%
Werner ThomasChicken Dance
9.1%
E.U.Da Butt
5.7%
KennyThe Bump
4.5%
Al TaborHokey Pokey
2.3%
Joe SkiPee Wee Herman
1.1%
Gucci Crew IICabbage Patch
1.1%
Dee Dee SharpMashed Potato Time
0%

You're not logged in!

Compare scores with friends on all Sporcle quizzes.
Join for Free
OR
Log In

You Might Also Like...

Show Comments

Extras

Created Apr 26, 2010ReportNominate
Tags:Artist Quiz, Song Quiz, dance

Top Quizzes Today


Score Distribution

Your Account Isn't Verified!

In order to create a playlist on Sporcle, you need to verify the email address you used during registration. Go to your Sporcle Settings to finish the process.

Report this User

Report this user for behavior that violates our Community Guidelines.

Details: